Sheila Hicks, Reencuentro = Reencounter.

Salvato in:
Dettagli Bibliografici
Autore principale: Arévalo, Carolina (autora)
Altri autori: Lévi-Strauss, Monique (autora), Hoces de la Guardia, Soledad (autora)
Natura: Sconosciuto
Pubblicazione: Santiago, Chile: Museo de Arte Precolombino, 2019.
Edizione:Primera edición.
Soggetti:
Tags: Aggiungi Tag
Nessun Tag, puoi essere il primo ad aggiungerne!!

MARC

LEADER 00000 a2200000 4500
003 CL-VaPUC
005 20230503163518.0
008 230413t2019 ||||| |||| 00| 0 eng d
999 |c 440451  |d 440449 
020 |a 978-956-243-080-7 
040 |c Pontificia Universidad Católica de Valparaíso 
082 |2 22  |a 746.092 ARE 2019 
100 |a Arévalo, Carolina  |9 881136  |e autora 
245 |a Sheila Hicks, Reencuentro = Reencounter. 
250 |a Primera edición.  |b Edición bilingüe. 
260 |a Santiago, Chile:  |b Museo de Arte Precolombino,  |c 2019. 
300 |a 190 páginas;   |b  ilustraciones. 
583 |k GC  |c 20230413 
600 0 |9 881689  |a Hicks, Sheila,   |d 1934-  |x Artista textil estadounidense   |z Chile  
650 0 |9 881690  |a Arte textil   |x Artistas estadounidenses   |v Biografía y catálogo   |z Chile  
700 |a Lévi-Strauss, Monique  |e autora  |9 881447 
700 |a Hoces de la Guardia, Soledad  |e autora  |9 881448 
942 |2 ddc  |c BK 
952 |0 0  |1 0  |2 ddc  |4 0  |6 746_092000000000000_ARE_2019  |7 0  |8 R  |9 589570  |a BIBART  |b BIBART  |d 2023-04-11  |e 45  |g 65727.00  |i 5657080  |l 2  |o 746.092 ARE 2019  |p 5657080  |r 2025-03-13  |s 2024-07-30  |t 1  |v 65727.00  |w 2023-04-11  |y BK_R  |k ART